[Event "Let's Play Chess!"]
[Site "http://www.queenalice.com/game.php?id=687844"]
[Date "2009.11.24"]
[Round "-"]
[White "spin"]
[Black "cJw314"]
[Result "0-1"]
[WhiteElo "1590"]
[BlackElo "1711"]

1. g3 c5 2. Bg2 d5 3. d4 cxd4 4. Qxd4 Nc6 5. Qc3 Nf6 6. Bg5 Qd6 7. Bxf6 Qb4 8.
Bxg7 Bxg7 9. Qxb4 Nxb4 10. c3 Nc2+ 11. Kd1 Nxa1 12. Bxd5 Bf5 13. Nd2 Bc2+ 14.
Kc1 Bf5 15. Bxb7 Rd8 16. e4 Be6 17. Ngf3 Bxa2 18. c4 Nb3+ 19. Nxb3 Bxb3 20. Bd5
Rc8 21. Nd2 Ba4 22. b3 Bc6 23. Rd1 Bxd5 24. exd5 O-O 25. Ne4 Rb8 26. Kc2 a5 27.
Nc5 Rfc8 28. Nd7 Rb7 29. d6 Rxd7 30. Rd5 Rxd6 31. Rxa5 Rcd8 32. Kb1 Rd2 33. Rf5
Rb2+ 34. Kc1 Ra8 0-1

[Event "Challenge"]
[Site "http://www.queenalice.com/game.php?id=703624"]
[Date "2009.12.26"]
[Round "-"]
[White "cJw314"]
[Black "thedead"]
[Result "1-0"]
[WhiteElo "1722"]
[BlackElo "1641"]

1. e4 e5 2. Nf3 Nc6 3. d4 exd4 4. Nxd4 Bc5 5. Be3 Qf6 6. c3 Nge7 7. Qd2 h6 8.
Nb5 Bxe3 9. Qxe3 Kd8 10. Bd3 a6 11. Nd4 Re8 12. Nd2 d5 13. N2f3 dxe4 14. Bxe4
Nd5 15. Nxc6+ Qxc6 16. Qd4 Bf5 17. Nd2 Qg6 18. Qxd5+ 1-0

[Event "Let's Play!"]
[Site "http://www.queenalice.com/game.php?id=711081"]
[Date "2010.1.9"]
[Round "-"]
[White "cJw314"]
[Black "Jorgecas"]
[Result "1-0"]
[WhiteElo "1751"]
[BlackElo "1602"]

1. e4 Nf6 2. e5 Nd5 3. c4 Nb4 4. d4 c6 5. Nc3 e6 6. g3 b6 7. Bg2 d5 8. exd6 Bxd6
9. d5 O-O 10. Ne4 Bc5 11. Nxc5 bxc5 12. d6 Qa5 13. Bd2 Qb6 14. Nf3 Nd3+ 15. Ke2
Nxb2 16. Qc2 Ba6 17. Rab1 Bxc4+ 18. Ke3 Bxa2 19. Rxb2 c4+ 20. Rxb6 axb6 21. Ra1
Bb3 22. Qb2 Nd7 23. Bc3 Rxa1 24. Qxa1 b5 25. Bxg7 Rb8 26. Ng5 f6 27. Bxf6 Nxf6
28. Qxf6 Rf8 29. Qxe6+ Kg7 30. Qe7+ Kh6 31. Qxf8+ Kxg5 32. d7 c3 33. d8=Q+ Kg6
34. Qdf6+ Kh5 35. Bf3# 1-0

[Event "Let's Play!"]
[Site "http://www.queenalice.com/game.php?id=711082"]
[Date "2010.1.9"]
[Round "-"]
[White "APSHOOTER"]
[Black "cJw314"]
[Result "0-1"]
[WhiteElo "1745"]
[BlackElo "1735"]

1. e4 c5 2. Bb5 Nf6 3. Nc3 a6 4. Be2 Nc6 5. a3 e6 6. Nf3 d5 7. d3 Be7 8. h3 b5
9. Be3 d4 10. Bd2 dxc3 11. Bxc3 b4 12. axb4 cxb4 13. Bd2 Qb6 14. O-O Nd4 15. Be3
Bc5 16. Ne5 Nxe2+ 17. Qxe2 Bxe3 18. fxe3 Nd7 19. Nxf7 Rf8 20. Qh5 Qxe3+ 21. Kh1
Nf6 22. Nd6+ Ke7 23. Qe5 Nd7 24. Nf5+ Rxf5 25. Rxf5 Nxe5 26. Rxe5 Qd4 27. Rea5
Qxb2 28. R5a2 Qc3 29. Rb1 Rb8 30. Rb3 Qe1+ 31. Kh2 h5 32. c3 bxc3 33. Rxb8 Bd7
34. Rxa6 c2 35. Rb7 c1=Q 36. Raa7 Qf4+ 0-1

[Event "Challenge"]
[Site "http://www.queenalice.com/game.php?id=717192"]
[Date "2010.1.20"]
[Round "-"]
[White "Jorgecas"]
[Black "cJw314"]
[Result "1-0"]
[WhiteElo "1592"]
[BlackElo "1761"]

1. e4 e5 2. Qf3 Nf6 3. Bc4 c6 4. d3 d5 5. exd5 cxd5 6. Bb3 Nc6 7. c3 d4 8. Bg5
Be7 9. Bxf6 Bxf6 10. g4 O-O 11. Ne2 dxc3 12. Nbxc3 Nd4 13. Nxd4 exd4 14. Ne2
Qa5+ 15. Kf1 Qd2 16. Rd1 Qxb2 17. Rg1 Re8 18. g5 Be7 19. Qxf7+ Kh8 20. Qxe8+ Bf8
21. Qxf8# 1-0

[Event "Challenge?"]
[Site "http://www.queenalice.com/game.php?id=721673"]
[Date "2010.1.28"]
[Round "-"]
[White "cJw314"]
[Black "tkasper"]
[Result "1-0"]
[WhiteElo "1741"]
[BlackElo "1667"]

1. e4 e5 2. Nf3 Nc6 3. Bb5 Nge7 4. c3 d6 5. O-O Bd7 6. d4 d5 7. dxe5 dxe4 8. Nd4
a6 9. e6 axb5 10. exd7+ Qxd7 11. Nxb5 Qc8 12. Bf4 Nd5 13. Qxd5 Bd6 14. Bxd6 Kd8
15. Bxc7+ Ke7 16. Qxe4+ Kf6 17. Nd2 Re8 18. Qf3+ Kg6 19. Nc4 Re6 20. Ncd6 Rxd6
21. Nxd6 Qxc7 22. Qf5+ Kh6 23. Nxf7+ Qxf7 24. Qxf7 Ne5 25. Qf4+ g5 26. Qf6+ Ng6
27. f4 Rf8 28. Qxg5+ Kg7 29. f5 Rg8 30. fxg6 hxg6 31. Qf6+ Kh7 32. Qe7+ Rg7 33.
Rf7 Rxf7 34. Qxf7+ Kh8 35. Re1 b5 36. Re8# 1-0

[Event "AUTO-INT-1487"]
[Site "http://www.queenalice.com/game.php?id=721883"]
[Date "2010.1.28"]
[Round "2"]
[White "cJw314"]
[Black "KAXY"]
[Result "1-0"]
[WhiteElo "1752"]
[BlackElo "1733"]

1. e4 e5 2. Nf3 d6 3. d4 exd4 4. Qxd4 Nc6 5. Qa4 Bd7 6. Bb5 a6 7. Bxc6 Bxc6 8.
Qc4 Bb5 9. Qd5 c6 10. Qd4 c5 11. Qd5 Qd7 12. Nc3 Nf6 13. Qg5 h6 14. Qe3 Be7 15.
e5 Ng4 16. Qe4 Bc6 17. Qc4 Bxf3 18. gxf3 Nxe5 19. Qe4 f5 20. Qe2 O-O-O 21. Nd5
Kb8 22. Bf4 g5 23. Bxe5 dxe5 24. Qxe5+ Ka7 25. O-O-O Bd6 26. Nf6 Bxe5 27. Nxd7
Bf4+ 28. Kb1 b6 29. h4 Kb7 30. c4 Kc7 31. Nf6 Rxd1+ 32. Rxd1 Rd8 33. Nd5+ Rxd5
34. cxd5 gxh4 35. Rh1 Bg5 36. f4 Bf6 37. Rd1 Kd6 38. a3 Bd4 39. f3 Kxd5 40. Re1
Bf2 41. Re5+ Kd6 42. Rxf5 Be3 43. Rf6+ Kc7 44. Rxh6 Bf2 45. f5 a5 46. f6 Kd7 47.
f7 Ke7 48. Rxb6 Kxf7 49. Ra6 Be1 50. Kc1 Kg7 51. Re6 Bf2 52. Kc2 h3 53. Re2 h2
54. Re7+ Kg6 55. Re6+ Kg5 56. Re5+ Kh4 57. Re7 Kg3 58. Rh7 Kg2 59. f4 Bg3 60. f5
Kf3 61. f6 Kg4 62. f7 Bd6 63. Rxh2 Bf8 64. Rh8 Be7 65. f8=Q Bxf8 66. Rxf8 Kg5
67. Kc3 1-0

[Event "AUTO-INT-1487"]
[Site "http://www.queenalice.com/game.php?id=721884"]
[Date "2010.1.28"]
[Round "2"]
[White "KAXY"]
[Black "cJw314"]
[Result "0-1"]
[WhiteElo "1733"]
[BlackElo "1758"]

1. d4 d5 2. e3 Nf6 3. Nc3 Ne4 4. Nxe4 dxe4 5. Ne2 Bg4 6. h3 Bxe2 7. Qxe2 Nc6 8.
Qg4 Nb4 9. Qxe4 c6 10. Bd2 e6 11. Bxb4 Bxb4+ 12. c3 Ba5 13. b4 Bc7 14. Bc4 Qg5
15. O-O-O Qf6 16. f4 Qh4 17. Qf3 O-O 18. g3 Qe7 19. e4 a5 20. a3 axb4 21. axb4
Ra3 22. d5 Qxb4 23. cxb4 Rxf3 24. dxc6 Rc3+ 25. Kb2 Rxc4 26. b5 Rb4+ 27. Ka3
Rxb5 28. cxb7 Rxb7 29. Rd7 Ra8# 0-1

[Event "AUTO-INT-1487"]
[Site "http://www.queenalice.com/game.php?id=721885"]
[Date "2010.1.28"]
[Round "2"]
[White "cJw314"]
[Black "uracile"]
[Result "0-1"]
[WhiteElo "1753"]
[BlackElo "1683"]

1. e4 Nf6 2. e5 Nd5 3. c4 Nb4 4. e6 dxe6 5. Qa4+ N4c6 6. Nf3 Bd7 7. Qd1 e5 8.
Nc3 e6 9. d4 Qf6 10. Bg5 Qf5 11. Bd3 Qg4 12. O-O exd4 13. Nb5 Na6 14. Nfxd4 Qxg5
15. Nxc6 Bxc6 16. Nd4 Qxg2# 0-1

[Event "Rematch, please?"]
[Site "http://www.queenalice.com/game.php?id=741244"]
[Date "2010.3.5"]
[Round "-"]
[White "cJw314"]
[Black "uracile"]
[Result "0-1"]
[WhiteElo "1747"]
[BlackElo "1765"]

1. e4 e5 2. Nf3 Bd6 3. d4 Nc6 4. dxe5 Bxe5 5. Nxe5 Nxe5 6. Bf4 Qf6 7. g3 Nh6 8.
Nc3 O-O 9. Qd4 d6 10. Nd5 Nf3+ 11. Kd1 Qxd4+ 12. Bd3 Qxb2 13. Ke2 Nd4+ 14. Kd2
Qb4+ 15. Nxb4 Bg4 16. Ke3 c5 17. Nd5 f5 18. Bxd6 Rfc8 19. Ne7+ Kf7 20. Nxc8 Rxc8
21. Bc4+ Kf6 22. e5+ Kg6 23. Bxc5 Nxc2+ 24. Kd3 Nxa1 25. Bxa7 Ra8 26. Rxa1 Rxa7
27. e6 Kf6 28. Kd4 b5 29. Bb3 Ng8 30. Kc5 Be2 31. a4 Ne7 32. f4 Bc4 33. Bxc4
bxc4 34. Kxc4 Kxe6 35. Kb5 Nd5 36. Rc1 Rb7+ 37. Ka5 g6 38. Rc6+ Kd7 39. Rc5 Kd6
40. Rb5 Ra7# 0-1

[Event "Rematch, please?"]
[Site "http://www.queenalice.com/game.php?id=741245"]
[Date "2010.3.5"]
[Round "-"]
[White "uracile"]
[Black "cJw314"]
[Result "1-0"]
[WhiteElo "1780"]
[BlackElo "1732"]

1. e4 e5 2. Nf3 Nf6 3. Nc3 d5 4. exd5 e4 5. Ng5 Bf5 6. Bc4 c6 7. O-O cxd5 8.
Bb5+ Nc6 9. d3 e3 10. Bxe3 d4 11. Qf3 dxe3 12. Qxf5 g6 13. Bxc6+ bxc6 14. Qe5+
Qe7 15. Qxe3 Qxe3 16. fxe3 Bh6 17. Rxf6 Bxg5 18. Rxc6 Bxe3+ 19. Kf1 O-O 20. Nd5
Bd4 21. c3 Be5 22. d4 Bxh2 23. Re1 Bg3 24. Re3 Bh2 25. Nf6+ Kg7 26. b4 Rac8 27.
Rxc8 Rxc8 28. a4 Kxf6 29. b5 Kf5 30. g3 Kg4 31. Kg2 Bxg3 32. Rxg3+ Kf5 33. Re3
Rc4 34. a5 Ra4 35. a6 Ra2+ 36. Kf3 h5 37. Re5+ Kf6 38. Kf4 Rf2+ 39. Ke3 Rf5 40.
Ke4 h4 41. b6 h3 42. b7 h2 43. b8=Q h1=Q+ 44. Kd3 Qf1+ 45. Re2 Rf3+ 46. Kd2 Rxc3
47. Qe5# 1-0

[Event "Challenge"]
[Site "http://www.queenalice.com/game.php?id=743190"]
[Date "2010.3.8"]
[Round "-"]
[White "microcephalec"]
[Black "cJw314"]
[Result "0-1"]
[WhiteElo "1597"]
[BlackElo "1767"]

1. e4 e5 2. f4 exf4 3. Nf3 d5 4. exd5 Qxd5 5. Nc3 Qe6+ 6. Be2 Nf6 7. O-O Nc6 8.
b3 Nd4 9. Bc4 Qb6 10. Re1+ Be6 11. Bb2 Nxf3+ 12. Kh1 Nxe1 13. Qxe1 O-O-O 14.
Bxe6+ fxe6 15. Qe2 Re8 16. Re1 h5 17. d4 Qxd4 18. Na4 Qd5 19. Nc3 Qc6 20. Na4
Ng4 21. Qd1 Nf2+ 22. Kg1 Nxd1 23. Rxd1 Qxc2 0-1

[Event "Challenge"]
[Site "http://www.queenalice.com/game.php?id=743191"]
[Date "2010.3.8"]
[Round "-"]
[White "cJw314"]
[Black "microcephalec"]
[Result "0-1"]
[WhiteElo "1776"]
[BlackElo "1585"]

1. e4 c5 2. Nc3 d6 3. f4 Nc6 4. Nf3 Bg4 5. Be2 Nd4 6. Nxd4 Bxe2 7. Ndxe2 Nf6 8.
Ng3 g6 9. d3 Bg7 10. Be3 O-O 11. Qf3 Rc8 12. f5 Qc7 13. fxg6 fxg6 14. O-O Nd5
15. Qe2 Nxc3 16. Qd2 Qa5 17. Bh6 Bxh6 18. Qxh6 Nb5 19. Rxf8+ Rxf8 20. Rf1 Rxf1+
21. Nxf1 Qxa2 22. Qg5 Qxb2 23. Qd5+ Kg7 24. Qxb7 Qd4+ 25. Kh1 Nc3 26. Qxe7+ Kh6
27. Qd7 Ne2 28. Qh3+ Kg5 29. Qe3+ Qxe3 30. Nxe3 a5 31. Nc4 a4 32. g3 Nd4 33.
Nxd6 a3 34. e5 a2 35. Kg2 Kg4 36. c3 a1=Q 37. cxd4 Qa2+ 38. Kf1 Kf3 39. Ne4 Qb1#
0-1

[Event "Let's Play!"]
[Site "http://www.queenalice.com/game.php?id=748801"]
[Date "2010.3.20"]
[Round "-"]
[White "cJw314"]
[Black "APSHOOTER"]
[Result "1-0"]
[WhiteElo "1752"]
[BlackElo "1673"]

1. e4 d5 2. exd5 Qxd5 3. Nc3 Qe5+ 4. Nge2 Nc6 5. d4 Nxd4 6. Qxd4 Qxd4 7. Nxd4 a6
8. Nd5 Kd8 9. Bf4 e5 10. Bxe5 Ne7 11. Nxe7 Kxe7 12. Bxc7 g6 13. Be5 f6 14. Bf4
Kf7 15. Bc4+ Kg7 16. Ne6+ Bxe6 17. Bxe6 Re8 18. O-O-O Rxe6 19. Rd7+ Re7 20. Rhd1
Kf7 21. Rxe7+ Bxe7 22. Rd7 Rd8 23. Rxb7 g5 24. Bd2 Rd4 25. a3 Re4 26. Bb4 h5 27.
Rxe7+ Rxe7 28. Bxe7 Kxe7 29. b4 Kd6 30. c4 f5 31. Kc2 g4 32. g3 Kc6 33. b5+ axb5
34. cxb5+ Kxb5 35. Kb3 Ka5 36. Kc4 Ka4 37. Kd4 Kxa3 38. Ke5 f4 39. Kxf4 1-0

[Event "Let's Play!"]
[Site "http://www.queenalice.com/game.php?id=748802"]
[Date "2010.3.20"]
[Round "-"]
[White "robertson"]
[Black "cJw314"]
[Result "1-0"]
[WhiteElo "1724"]
[BlackElo "1765"]

1. e4 c5 2. Bc4 Nc6 3. Qh5 e6 4. Nf3 Nf6 5. Qh4 Nb4 6. Na3 d5 7. Be2 dxe4 8. Ne5
Qd6 9. Nec4 Qd8 10. c3 b5 11. cxb4 bxc4 12. Bxc4 cxb4 13. Nc2 Bb7 14. O-O Be7
15. Bb5+ Nd7 16. Qg3 O-O 17. d3 Nc5 18. Nxb4 exd3 19. Bd2 Ne4 20. Qg4 Nxd2 21.
Rfd1 Qa5 22. Bxd3 Bxb4 23. a3 Nb3 24. axb4 Qe5 25. Rab1 Rfd8 26. Bc2 Rxd1+ 27.
Qxd1 Qg5 28. f3 Rd8 29. Qe1 Qc5+ 30. bxc5 Nxc5 31. Qa5 Rd5 32. Qxa7 Rd2 33. Qb8+
Rd8 34. Qxd8# 1-0

[Event "Challenge"]
[Site "http://www.queenalice.com/game.php?id=774149"]
[Date "2010.5.11"]
[Round "-"]
[White "bcnbuda"]
[Black "cJw314"]
[Result "1-0"]
[WhiteElo "1651"]
[BlackElo "1718"]

1. d4 Nf6 2. Nf3 d6 3. c4 Bg4 4. Qb3 g6 5. Qxb7 Nbd7 6. Nc3 c5 7. Nb5 Rc8 8. Bd2
Bg7 9. Qxa7 Nb6 10. dxc5 dxc5 11. Ba5 1-0